[Event "Leiden SB-ch"]
[Site "Leiden"]
[Date "2002.07.02"]
[Round "7"]
[White "Roozendaal, Marc"]
[Black "Van der Hoeven, Peter"]
[Result "1-0"]
[WhiteElo "1914"]
[BlackElo "1649"]
[PlyCount "93"]
[EventDate "2002.05.21"]
[EventType "swiss"]
[EventRounds "7"]
[EventCountry "NED"]
[SourceTitle "EXT 2003"]
[Source "ChessBase"]
[SourceDate "2002.11.25"]
[SourceVersion "1"]
[SourceVersionDate "2002.11.25"]
[SourceQuality "1"]

1. Nf3 Nf6 2. g3 g6 3. Bg2 Bg7 4. 0-0 0-0 5. c4 c5 6. Nc3 Nc6 7. e3 e6 8. d4 cxd4 9. Nxd4 Nxd4 10. exd4 d5 11. c5 Bd7 12. b4 a6 13. Bf4 b5 14. a4 Bc6 15. Bd6 Re8 16. axb5 axb5 17. Qd3 Qd7 18. f4 Qb7 19. Rfb1 Ne4 20. Nxe4 dxe4 21. Qe3 Rxa1 22. Rxa1 Ra8 23. Rb1 Ra4 24. Be5 Bf8 25. h3 f5 26. Kh2 Bd5 27. g4 Qa8 28. Rb2 Ra3 29. Qe1 Qa4 30. Qh4 Qa7 31. gxf5 exf5 32. Qf6 Qg7 33. Qxg7+ Bxg7 34. Bf1 Bc6 35. Bxg7 Kxg7 36. d5 Bxd5 37. Bxb5 Rc3 38. Rd2 Be6 39. Rd6 Kf6 40. Bd7 Ke7 41. Bxe6 Rd3 42. Rxd3 exd3 43. Bb3 h6 44. h4 Kd7 45. b5 d2 46. Bd1 Kc7 47. Kg3 1-0